Compendio de la aritmética (Registro nro. 171775)

Detalles MARC
000 -ENCABEZADO
Número de control [NR] 02314nam a22002297a 4500
005 - FECHA Y HORA DE LA ÚLTIMA TRANSACCIÓN
control field 20140903174915.0
008 - DE LONGITUD FIJA DE DATOS DE ELEMENTOS - INFORMACIÓN GENERAL
Elementos de longitud fija [NR] 130722s1894 ck ||||fr|||| 001 0 spa d
040 ## - FUENTE DE CATALOGACION [NR]
Quien Cataloga Sandra Yazo
Quien Clasifica Sandra Yazo
041 0# - CODIGO DE IDIOMA [R]
Código de idioma para texto/pista de sonido o título separado [R] Español
082 0# - NUMERO DE CLASIFICACION DECIMAL DEWEY [R]
Número de la edición [NR] 20
Número de clasificación [R] 513
092 ## - SIGNATURA TOPOGRAFICA LOCAL
Número de clasificación local E28N009
100 1# - ASIENTO PRINCIPAL--NOMBRE PERSONAL [NR]
Nombre personal [NR] Rueda, Manuel Antonio
ID Autoridad 41156
245 10 - MENCION DE TITULO [NR]
Título [NR] Compendio de la aritmética
Mención de responsabilidad, etc. [NR] de Manuel Antonio Rueda por el mismo autor
260 ## - PUBLICACION, DISTRIBUCION, ETC. (PIE DE IMPRENTA) [R]
Lugar de publicación, distribución, etc. [R] Bogotá
Nombre del editor, distribuidor, etc. [R] Imprenta de vapor de Zalamea Hermanos
Fecha de publicación, distribución, etc. [R] 1884
300 ## - DESCRIPCION FISICA [R]
Extensión [R] [8], 224 p.
Dimensiones [R] 17 x 13 cm.
500 ## - NOTA GENERAL [R]
Nota general [NR] Detalles fisicos: Encuadernación rígida en cartón duro forrado en papel, tapas raspadas y deterioradas en bordes. Lomo en cuero con nervaduras sobre costuras, letras en dorado. Sin guardas. Portada impresa en una sola tinta, en varios tipos. Texto impreso en una columna. Papel manchado, algunas hojas empiezan a soltarse, roturas en las primeras hojas. Formulas entre el texto. En el índice un sello de tinta: “Dr. Alejandro Motta. Abogado. Calle 19 No. 68”
505 0# - NOTA DE CONTENIDO CON FORMATO PREESTABLECIDO [R]
Nota de contenido con formato preestablecido [NR] Fundamentos de la aritmética. ; Representación de los quebrados, fracciones decimales. ; Signos usados en aritmética, adición de los números enteros y de las fracciones decimales. ; Sustracción de los números enteros y de las fracciones decimales. ; Multiplicación de los números enteros y de las fracciones decimales. ; División de los números enteros y de las fracciones decimales. ; Teoría elemental de la divisibilidad y de las fracciones decimales. ; Aplicaciones de la teoría de la divisibilidad. ; Teoría elemental de la divisibilidad de los números. ; Aplicaciones de la teoría de la divisibilidad. ; Teoría elemental de los números quebrados y mixtos. ; Práctica de las cuatro operaciones con números quebrados y mixtos. ; Potencias y raíces, cuadrado y raíz cuadrada. ; Cubo y raíz cúbica. ; Sistema métrico decimal. ; Estudio de algunas medidas que no pertenecen al sistema métrico decimal, números complejos, aplicaciones. ; Razones y equidiferencias, Relaciones y proporciones. ; Dependencia de la cantidad heterogénea, regla de tres. ; Regla de interés. ; Regla de descuento. ; Regla de partición. ; Regla de compañía.
506 ## - NOTA DE RESTRICCIONES DE ACCESO [R]
Condiciones de acceso [NR] Consulta en sala
650 #7 - ASIENTO SECUNDARIO DE MATERIA - TERMINO TEMATICO [R]
9 (RLIN) 7287
Término temático o nombre geográfico como elemento de entrada [NR] Aritmética
690 ## - ASUNTO AGREGADO LOCAL DE ENTRADA - TÉRMINO TEMÁTICO (OCLC, RLIN)
Acceso temático local Ciencias puras
942 ## - ELEMENTOS DE ENTRADA AGREGADOS (KOHA)
Tipo de ítem principal el descrito en 300a Libro
Edición 1
Sistema de clasificación DEWEY
Clasificación 513
Existencias
Suprimido Perdido Sistema de clasificación Dañado No prestable Tipo de ítem específico Ubicación habitual Ubicación actual Localización Fecha de creación Forma de adquisición Costo Total préstamos Signatura topográfica Código de barras Última vez visto Ejemplar Price effective from Tipo de ítem
    LOCAL     Libro archivo Archivo Histórico Archivo Histórico Archivo histórico 22/07/2013 Donación 0.00   E28N009 L003972 22/07/2013 Ej.1 22/07/2013 Libro